00507nam a2200193 a 4500001001300000003000900013005001700022008004100039020001000080082001500090100002100105245005500126260003400181300000900215500003500224505001000259650002300269700002100292nice12345678IN_TiNIC20260116014827.0050524s2004 dela grp 000 0 eng  ac39500a297.1bSIK aSikand, Yoginder aStruggling to Be Heardb South Asian Muslim Voices aDelhibGlobal Media Pubc2004 a189p aincludes index and biblioraphy2 aIndex aIslam-20th Century1 aSikand, Yoginder